000 00260nam a22001217a 4500
999 _c533590
_d533590
040 _cdlc
082 _a737.4954
100 _aJames Prinsep
_927547
245 _aEssays on Indian Antiquities - Vol-1
250 _aVol-1
300 _a435p
942 _2ddc
_cBK